Inazuma Eleven 1 Raimon - Statistics

Statistiche generali
  • Questo quiz è stato fatto 42 volte
  • Il punteggio medio è 11 su 23
Statistiche sulle risposte
Risposta % Corretto
Mano di Luce
97%
Tornado di fuoco
97%
Muro di roccia
85%
Mano del colosso
82%
Dragon Crash
76%
Dragon Tornado
70%
Ariete Inazuma
61%
Scivolata micidiale
58%
Pugno di fuoco
55%
Trampolino inazuma
55%
Scatto repentino
45%
Tri Pegaso
45%
Volo della fenice
45%
Ali di fuoco
42%
Doppio Fulmine Inazuma
39%
Raffica esplosiva
39%
Doppio trampolino inazuma
30%
Tiro roteante
21%
Tiro incrociato
18%
Vortice implacabile
15%
Rovesciata volante
12%
Tiro fulminante
12%
Colpo del Kung Fu
6%
Nessun quiz corrispondente trovato
Distribuzione punteggi
Percentuale di utenti per punteggio
Percentile per numero di risposta
I tuoi punteggi nel tempo
Non hai fatto questo quiz